Guangdong liang shi wen ti /
Saved in:
| Corporate Author: | |
|---|---|
| Format: | Book |
| Language: | Chinese |
| Published: |
Oakton, Va :
Center for Chinese Research Materials,
[1986?]
|
| Subjects: | |
| Tags: |
Add Tag
No Tags, Be the first to tag this record!
|
| LEADER | 01179cam a2200277 a 4500 | ||
|---|---|---|---|
| 001 | 007657384-2 | ||
| 005 | 20024617105005.0 | ||
| 008 | 900405r19861935vaua 000 0 chi d | ||
| 035 | 0 | |a ocm22828343 | |
| 040 | |a *BZV* |c *BZV* |d PPiU |d MH-HY |d CStRLIN | ||
| 043 | |a a-cc-kn | ||
| 245 | 0 | 0 | |6 880-01 |a Guangdong liang shi wen ti / |c Guangdong liang shi tiao jie wei yuan hui bian. |
| 260 | |a Oakton, Va : |b Center for Chinese Research Materials, |c [1986?] | ||
| 300 | |a 4, 72 p. : |b ill. ; |c 28 cm. | ||
| 500 | |a Imprint stamped on cover. | ||
| 500 | |a "M1212"--Cover. | ||
| 500 | |6 880-02 |a Reprint. Originally published: Chu ban. Guangzhou shi : Guangdong liang shi tiao jie wei yuan hui, 1935. | ||
| 650 | 0 | |a Food supply |z China |z Guangdong Sheng. | |
| 650 | 0 | |a Food consumption |z China |z Guangdong Sheng. | |
| 650 | 0 | |a Food relief |z China |z Guangdong Sheng. | |
| 710 | 2 | |6 880-03 |a Guangdong liang shi tiao jie wei yuan hui. | |
| 880 | 0 | 0 | |6 245-01 |a 廣東糧食問題 / |c 廣東糧食調節委員會編. |
| 880 | |6 500-02 |a Reprint. Originally published: 初版. 廣州市 : 廣東糧食調節委員會, 1935. | ||
| 880 | 2 | |6 710-03 |a 廣東糧食調節委員會. | |
| 988 | |a 20021102 | ||
| 906 | |0 OCLC | ||


